[Event "35. Kieler Open 2023"]
[Site "Kiel"]
[Date "2023.07.31"]
[Round "5.17"]
[White "Fenner, Martin"]
[Black "Thomsen, Flemming"]
[Result "1-0"]
[WhiteElo "1888"]
[BlackElo "1491"]
[PlyCount "77"]
[EventDate "2023.??.??"]

1. g3 Nf6 2. Bg2 g6 3. d3 d5 4. c4 c6 5. cxd5 cxd5 6. Nf3 Bg7 7. O-O O-O 
8. Nc3 Nc6 9. Bd2 Re8 10. e4 dxe4 11. dxe4 e5 12. Qc1 Be6 13. Rd1 Qe7 
14. Bg5 Qc5 15. Bxf6 Bxf6 16. Nd5 Be7 17. Qxc5 Bxc5 18. Nc7 h6 19. Nxa8 
Rxa8 20. a3 a6 21. Rac1 Be7 22. Bf1 Kg7 23. h3 h5 24. Kg2 f5 25. exf5 
Bxf5 26. Bc4 e4 27. Nd4 Nxd4 28. Rxd4 Bf6 29. Rdd1 Bxb2 30. Rb1 Bxa3 
31. Rxb7+ Kh6 32. Ra1 Bc5 33. Rxa6 Rd8 34. Rb5 Rc8 35. Be6 Bxe6 36. Rxe6 
Ba7 37. Rxe4 Rc2 38. Rf4 Bc5 39. Rb7 1-0

[Event "35. Kieler Open 2023"]
[Site "Kiel"]
[Date "2023.07.31"]
[Round "5.18"]
[White "Dittmar, Markus"]
[Black "Basener, Winfried"]
[Result "0-1"]
[WhiteElo "1778"]
[BlackElo "2001"]
[PlyCount "112"]
[EventDate "2023.??.??"]

1. Nf3 Nf6 2. g3 d5 3. Bg2 Bf5 4. O-O h6 5. d3 e6 6. c4 c6 7. b3 Be7 
8. Bb2 O-O 9. Nbd2 Bh7 10. h3 a5 11. Re1 Na6 12. Bc3 Nc5 13. Nf1 Ncd7 
14. N1d2 Nc5 15. Nd4 Qb6 16. Nc2 Rfd8 17. Rb1 Rd7 18. Rf1 Qd8 19. Nf3 
Qb6 20. Qd2 Qa6 21. Rfd1 dxc4 22. Ne5 Rdd8 23. Nxc4 Nfe4 24. Qe1 Nxc3 
25. Qxc3 Bf6 26. Qe1 b5 27. N4e3 Rac8 28. Ng4 Be7 29. Rbc1 Nd7 30. d4 
c5 31. e3 c4 32. bxc4 Rxc4 33. Qe2 Rdc8 34. e4 Ba3 35. Nge3 Bxc1 36. Nxc4 
Rxc4 37. Rxc1 Qc8 38. Qd2 Rc3 39. f3 f5 40. Kf2 fxe4 41. fxe4 Nf6 42. Qe2 
Qc7 43. e5 Rxc2 44. Rxc2 Qxc2 45. exf6 gxf6 46. Qxc2 Bxc2 47. Bf1 b4 
48. Bc4 Kf7 49. Ke3 Ke7 50. d5 e5 51. Kd2 Bg6 52. Ke3 Kd6 53. Bb3 Kc5 
54. g4 Bb1 55. h4 Bg6 56. Kd2 Be4 0-1

[Event "35. Kieler Open 2023"]
[Site "Kiel"]
[Date "2023.07.31"]
[Round "5.19"]
[White "Braeutigam, Katerina"]
[Black "Pollerberg, Amelie"]
[Result "1-0"]
[WhiteElo "1884"]
[BlackElo "1475"]
[PlyCount "77"]
[EventDate "2023.??.??"]

1. e4 e5 2. Nf3 Nc6 3. Bb5 Nf6 4. d3 d6 5. c3 Bd7 6. O-O Be7 7. Re1 a6 
8. Ba4 O-O 9. Bg5 Bg4 10. Nbd2 h6 11. Bh4 Rb8 12. Nf1 d5 13. exd5 Nxd5 
14. Bxe7 Qxe7 15. h3 Bxf3 16. Qxf3 Qd6 17. Ng3 Rfe8 18. Nf5 Qe6 19. Bb3 
Rbd8 20. d4 e4 21. Qg4 g5 22. f3 Qg6 23. fxe4 Nf4 24. h4 Kh7 25. hxg5 
hxg5 26. g3 Nh5 27. Kg2 Rh8 28. Rh1 Kg8 29. Rh2 Nf6 30. Rxh8+ Kxh8 31. 
Rh1+ Kg8 32. Qh3 Kf8 33. Qh6+ Qxh6 34. Rxh6 Ng8 35. Rh7 Rd7 36. e5 Ke8 
37. Rh8 Kf8 38. e6 Nd8 39. exf7 1-0

[Event "35. Kieler Open 2023"]
[Site "Kiel"]
[Date "2023.07.31"]
[Round "5.20"]
[White "Schiller, Thomas"]
[Black "Kelm, Daniel"]
[Result "0-1"]
[WhiteElo "1690"]
[BlackElo "1880"]
[PlyCount "98"]
[EventDate "2023.??.??"]

1. e4 d6 2. d4 Nf6 3. Nc3 e5 4. dxe5 dxe5 5. Qxd8+ Kxd8 6. Bg5 c6 7. Nf3 
Nbd7 8. Bc4 Ke8 9. O-O b5 10. Bd3 h6 11. Be3 Ng4 12. Bd2 Bc5 13. h3 Ngf6 
14. Ne2 a5 15. Ng3 g6 16. Bc3 Bd6 17. a3 Bc7 18. b4 Nh7 19. Bb2 Ng5 
20. Nh2 Nb6 21. f4 Na4 22. Bxe5 Bxe5 23. fxe5 Nc3 24. h4 Ne6 25. Ne2 Na4 
26. Nf3 Bd7 27. Ned4 Ke7 28. Be2 Nc3 29. Bd3 Ra7 30. Ne2 Nxe2+ 31. Bxe2
Rha8 32. Rab1 axb4 33. axb4 Nf4 34. Kf2 Be6 35. Rfd1 Ra2 36. Rd2 R8a3 
37. Bf1 Rc3 38. Nd4 g5 39. hxg5 hxg5 40. g3 Ng6 41. Nf5+ Bxf5 42. exf5 
Nxe5 43. Re1 Kf6 44. Rd6+ Kxf5 45. g4+ Nxg4+ 46. Kg1 Ne5 47. Kh1 Rcxc2 
48. Bh3+ g4 49. Rf1+ Rf2 0-1

[Event "35. Kieler Open 2023"]
[Site "Kiel"]
[Date "2023.08.01"]
[Round "6.1"]
[White "Browning, Alex"]
[Black "Wunder, Niklas"]
[Result "1-0"]
[WhiteElo "2341"]
[BlackElo "2070"]
[PlyCount "79"]
[EventDate "2023.??.??"]

1. c4 c6 2. Nf3 d5 3. g3 Nf6 4. Bg2 dxc4 5. O-O Nbd7 6. Na3 Nb6 7. Qc2 Be6 8.
b3 cxb3 9. axb3 g6 10. Nc4 Nxc4 11. bxc4 Bg7 12. Bb2 O-O 13. Rfb1 a6 14. d3 c5
15. Be5 Ra7 16. Ng5 Bc8 17. Qb2 Ne8 18. Ne4 f6 19. Bc3 Nd6 20. Nxc5 b5 21. Ba5
Qe8 22. Bb6 f5 23. d4 Nxc4 24. Bd5+ e6 25. Bxc4 Raf7 26. Bd3 Qc6 27. Ba5 e5 28.
Bb4 exd4 29. Qc1 Qf6 30. Ra3 f4 31. Ne4 Qb6 32. Bxf8 Rxf8 33. Qc5 Qe6 34. Qd6
Qh3 35. Qd5+ Be6 36. Ng5 Qxh2+ 37. Kxh2 fxg3+ 38. Kxg3 Bxd5 39. f4 h6 40. Nf3
1-0

[Event "35. Kieler Open 2023"]
[Site "Kiel"]
[Date "2023.08.01"]
[Round "6.2"]
[White "Betsakos, Konstantinos"]
[Black "Popvasilev, Kaloyan"]
[Result "0-1"]
[WhiteElo "2110"]
[BlackElo "2203"]
[PlyCount "72"]
[EventDate "2023.??.??"]

1. d4 g6 2. g3 Bg7 3. Bg2 d6 4. Nf3 Bd7 5. O-O Qc8 6. Re1 Bh3 7. Bh1 Nc6 8. d5
Ne5 9. Ng5 Bd7 10. f4 Nc4 11. Nc3 c6 12. Qd3 Nb6 13. dxc6 Bxc6 14. e4 Nf6 15.
a4 O-O 16. a5 Nbd7 17. Ra3 h6 18. Nh3 Nc5 19. Qf1 b5 20. b4 Ne6 21. Nd5 Bxd5
22. exd5 Nd4 23. Rd1 Nxc2 24. Rb3 Ng4 25. Nf2 Bd4 26. Rxd4 Nxd4 27. Rd3 Qxc1
28. Nxg4 Qxf1+ 29. Kxf1 Nf5 30. Be4 Kg7 31. a6 Rac8 32. Rd2 h5 33. Bxf5 gxf5
34. Ne3 Kf6 35. Rc2 Rxc2 36. Nxc2 Rb8 0-1

[Event "35. Kieler Open 2023"]
[Site "Kiel"]
[Date "2023.08.01"]
[Round "6.3"]
[White "Bach, Matthias"]
[Black "Dittmann, Hans-Adolf"]
[Result "1-0"]
[WhiteElo "2215"]
[BlackElo "1989"]
[PlyCount "49"]
[EventDate "2023.??.??"]

1. d4 Nf6 2. Nf3 e6 3. c4 Bb4+ 4. Bd2 c5 5. Bxb4 cxb4 6. a3 Qe7 7. Nbd2 bxa3 8.
Rxa3 d6 9. e3 O-O 10. Bd3 e5 11. Bb1 Nc6 12. O-O Bg4 13. Qc2 g6 14. Qc3 a5 15.
c5 Rfe8 16. cxd6 Qxd6 17. Nc4 Qe7 18. Nfxe5 Nd5 19. Nxc6 bxc6 20. Qd2 Qg5 21.
f4 Qh5 22. Ne5 Be2 23. Rf2 Bb5 24. e4 Nb4 25. Rh3 1-0

[Event "35. Kieler Open 2023"]
[Site "Kiel"]
[Date "2023.08.01"]
[Round "6.4"]
[White "Saglam, Buelent"]
[Black "Dreesen, Jan"]
[Result "1-0"]
[WhiteElo "2109"]
[BlackElo "2175"]
[PlyCount "81"]
[EventDate "2023.??.??"]

1. e4 d5 2. Nc3 d4 3. Nce2 e5 4. d3 Nc6 5. f4 Bg4 6. h3 Bxe2 7. Nxe2 exf4 8.
Bxf4 Bd6 9. g3 Nf6 10. Bg2 Nh5 11. O-O g5 12. Bxd6 Qxd6 13. e5 Qc5 14. Bxc6+
bxc6 15. Rf5 Ng7 16. Rxg5 Ne6 17. Rf5 Ng7 18. Rf4 Ne6 19. Rf5 Ng7 20. Rg5 Ne6
21. Rh5 Ng7 22. Rh4 Nf5 23. Rf4 Ne3 24. Qc1 Qd5 25. Re4 c5 26. c3 Rg8 27. cxd4
Nf5 28. g4 O-O-O 29. Nf4 Qc6 30. Qxc5 Qxc5 31. dxc5 h5 32. Nxh5 Rxd3 33. Nf6
Rg6 34. Kf2 Nd4 35. Rf1 Ne6 36. c6 Ng5 37. Ra4 Rf3+ 38. Kg2 Rxf1 39. Kxf1 Nxh3
40. Rxa7 Kb8 41. Ra3 1-0

[Event "35. Kieler Open 2023"]
[Site "Kiel"]
[Date "2023.08.01"]
[Round "6.5"]
[White "Blietschau, Volker"]
[Black "Boehme, Arne"]
[Result "0-1"]
[WhiteElo "2007"]
[BlackElo "2153"]
[PlyCount "54"]
[EventDate "2023.??.??"]

1. e4 d6 2. d4 Nf6 3. Nc3 g6 4. Be3 c6 5. h3 Bg7 6. a4 O-O 7. e5 Nd5 8. Nxd5
cxd5 9. f4 Qb6 10. Nf3 Bf5 11. Bd3 Bxd3 12. Qxd3 Qxb2 13. O-O Qb6 14. h4 Qa6
15. Qd2 Nd7 16. g4 Rac8 17. Qh2 Rc3 18. Bd2 Rxc2 19. Ra3 dxe5 20. dxe5 Nc5 21.
Rc3 Rxc3 22. Bxc3 Ne4 23. Ba1 Rc8 24. h5 Qd3 25. hxg6 fxg6 26. f5 Qe3+ 27. Kh1
Rc1 0-1

[Event "35. Kieler Open 2023"]
[Site "Kiel"]
[Date "2023.08.01"]
[Round "6.6"]
[White "Schinkowski, Christoph"]
[Black "Schalla, Dieter"]
[Result "1/2-1/2"]
[WhiteElo "2145"]
[BlackElo "1931"]
[PlyCount "58"]
[EventDate "2023.??.??"]

1. Nf3 Nf6 2. g3 g6 3. Bg2 Bg7 4. O-O O-O 5. d4 d5 6. c4 c6 7. cxd5 cxd5 8. Nc3
Nc6 9. Bf4 Ne4 10. Rc1 Bg4 11. Ng5 Nxc3 12. bxc3 Qd7 13. h3 h6 14. hxg4 hxg5
15. Bxg5 Qxg4 16. Qd2 Qd7 17. Bh6 Rfd8 18. Bxg7 Kxg7 19. Rfe1 Rac8 20. e4 e6
21. exd5 exd5 22. Qf4 Qd6 23. Qg4 Rc7 24. Re3 Qd7 25. Qh4 Qd6 26. Rce1 Qf6 27.
Qg4 Qd6 28. Qg5 Qf6 29. Qg4 Qd6 1/2-1/2

[Event "35. Kieler Open 2023"]
[Site "Kiel"]
[Date "2023.08.01"]
[Round "6.7"]
[White "Horn, Peter"]
[Black "Vollbehr, Bjarne"]
[Result "0-1"]
[WhiteElo "2085"]
[BlackElo "1827"]
[PlyCount "54"]
[EventDate "2023.??.??"]

1. Nf3 d5 2. g3 Nf6 3. Bg2 g6 4. b3 Bg7 5. Bb2 O-O 6. c4 c6 7. O-O b6 8. Qc2
Nbd7 9. Rc1 Ba6 10. d3 Re8 11. e4 e5 12. exd5 cxd5 13. Nc3 e4 14. dxe4 dxc4 15.
Rd1 Rc8 16. Nd4 Qe7 17. bxc4 Bxc4 18. Qa4 a6 19. Nd5 Nxd5 20. exd5 Bb5 21. Qb3
Nc5 22. Qa3 Ba4 23. Nc6 Rxc6 24. dxc6 Bxd1 25. Rxd1 Qe2 26. Qf3 Qxf3 27. Bxf3
Bxb2 0-1

[Event "35. Kieler Open 2023"]
[Site "Kiel"]
[Date "2023.08.01"]
[Round "6.9"]
[White "Kelm, Daniel"]
[Black "Basey, Matthew"]
[Result "0-1"]
[WhiteElo "1880"]
[BlackElo "2002"]
[PlyCount "94"]
[EventDate "2023.??.??"]

1. d4 Nf6 2. Nf3 e6 3. e3 c5 4. b3 cxd4 5. exd4 Be7 6. Bd3 d6 7. Bb2 Nbd7 8.
O-O b6 9. Re1 Bb7 10. Nbd2 O-O 11. c4 Re8 12. Ng5 Nf8 13. f4 N6d7 14. Ndf3 h6
15. Nh3 Bf6 16. Rc1 Rc8 17. Bb1 d5 18. Nf2 Qc7 19. Nd3 dxc4 20. Rxc4 Qb8 21.
Rxc8 Rxc8 22. Nde5 Rd8 23. Qc2 Qd6 24. Nd2 Qd5 25. Ne4 Be7 26. Qe2 f5 27. Nf3
fxe4 28. Bxe4 Qxe4 29. Qxe4 Bxe4 30. Rxe4 Nf6 31. Re2 Bd6 32. g3 Rc8 33. Kf2
Nd5 34. Ne1 Nc3 35. Bxc3 Rxc3 36. Rc2 Rxc2+ 37. Nxc2 Nd7 38. Ke2 Kf7 39. Kd3 b5
40. a4 a6 41. axb5 axb5 42. Kc3 Nb6 43. b4 Nd5+ 44. Kb3 Kf6 45. Na3 Nc7 46. Nb1
Kf5 47. Nc3 h5 0-1

[Event "35. Kieler Open 2023"]
[Site "Kiel"]
[Date "2023.08.01"]
[Round "6.10"]
[White "Basener, Winfried"]
[Black "Kieselbach, Marvin"]
[Result "1/2-1/2"]
[WhiteElo "2001"]
[BlackElo "1870"]
[PlyCount "34"]
[EventDate "2023.??.??"]

1. c4 e6 2. Nf3 Nf6 3. g3 d5 4. Bg2 Be7 5. O-O O-O 6. b3 c5 7. cxd5 Nxd5 8. Bb2
Bf6 9. Qc1 Nc6 10. Nc3 Nxc3 11. Bxc3 Bxc3 12. dxc3 Qc7 13. Qe3 b6 14. Qe4 f5
15. Qf4 Qxf4 16. gxf4 Bb7 17. Rfd1 Rad8 1/2-1/2

[Event "35. Kieler Open 2023"]
[Site "Kiel"]
[Date "2023.08.01"]
[Round "6.11"]
[White "Busse, Tom Niklas"]
[Black "Kort, Felix"]
[Result "1-0"]
[WhiteElo "1984"]
[BlackElo "1837"]
[PlyCount "36"]
[EventDate "2023.??.??"]

1. Nf3 Nf6 2. g3 d5 3. Bg2 c5 4. d4 cxd4 5. O-O Bg4 6. Ne5 Bf5 7. g4 Be4 
8. f3 Bg6 9. Nxg6 hxg6 10. Qxd4 Nc6 11. Qd3 e5 12. Be3 Bd6 13. h3 Qe7 
14. Bg5 O-O-O 15. Nc3 Bc5+ 16. Kh1 Nb4 17. Qd2 Qe6 18. Rad1 e4 1-0

[Event "35. Kieler Open 2023"]
[Site "Kiel"]
[Date "2023.08.01"]
[Round "6.12"]
[White "Stegert, Jonas"]
[Black "Helms, Finn"]
[Result "0-1"]
[WhiteElo "1832"]
[BlackElo "1966"]
[PlyCount "44"]
[EventDate "2023.??.??"]

1. d4 Nf6 2. c4 e6 3. Nf3 d5 4. g3 Bb4+ 5. Bd2 Be7 6. Bg2 O-O 7. O-O c6 8. Qc2 b6 9. Rd1 Nbd7 10. Bf4 Bb7 11. Nbd2 Rc8 12. Rac1 c5 13. Qb1 cxd4 14. Ne5 g5 15. cxd5 Rxc1 16. Rxc1 gxf4 17. Nc6 Bxc6 18. dxc6 Nc5 19. c7 Qd7 20. b4 Na6 21. Qc2 Rc8 22. Bb7 Rxc7 0-1

[Event "35. Kieler Open 2023"]
[Site "Kiel"]
[Date "2023.08.01"]
[Round "6.14"]
[White "Topalov, Mihail"]
[Black "Riechenberg, Sebastian"]
[Result "1/2-1/2"]
[WhiteElo "1936"]
[BlackElo "1661"]
[PlyCount "120"]
[EventDate "2023.??.??"]

1. e4 e5 2. Nf3 Nc6 3. Bb5 a6 4. Ba4 Nf6 5. O-O Be7 6. Re1 b5 7. Bb3 O-O 
8. d3 d6 9. c3 Na5 10. Bc2 c5 11. Nbd2 Qc7 12. Nf1 Nc6 13. Ng3 Be6 14. h3 
d5 15. exd5 Nxd5 16. Qe2 Nf4 17. Bxf4 exf4 18. Ne4 h6 19. Rad1 Rad8 20. a3 
Bd5 21. d4 Bc4 22. Bd3 Bxd3 23. Rxd3 c4 24. Rdd1 Rd5 25. Qc2 g5 26. Nh2 f5 
27. Nd2 Kg7 28. Re6 Rf6 29. Rxf6 Bxf6 30. Re1 Qd7 31. Ndf1 Rd6 32. Qe2 Nd8 
33. Qh5 Re6 34. Re2 Qe7 35. Rxe6 Qxe6 36. Qd1 Qd5 37. Qe2 Qe6 38. Qd1 Qd5 
39. Nd2 Nc6 40. Ndf3 Ne7 41. Qe2 Kg6 42. Ne1 Qe4 43. Kf1 Nd5 44. Nc2 Nb6 
45. f3 Qxe2+ 46. Kxe2 Na4 47. Nb4 a5 48. Nc6 Nxb2 49. Nxa5 Be7 50. Nc6 Bxa3 
51. Na7 b4 52. cxb4 Bxb4 53. Nc6 Nd3 54. Nf1 Be1 55. Nd2 Bxd2 56. Kxd2 h5 
57. Na5 g4 58. h4 Nb4 59. Nxc4 Nd5 60. Ne5+ Kf6 1/2-1/2

[Event "35. Kieler Open 2023"]
[Site "Kiel"]
[Date "2023.08.01"]
[Round "6.15"]
[White "Henke, Jaron"]
[Black "Fenner, Martin"]
[Result "0-1"]
[WhiteElo "1676"]
[BlackElo "1888"]
[PlyCount "112"]
[EventDate "2023.??.??"]

1. e4 c5 2. Nf3 g6 3. d4 cxd4 4. Nxd4 Nc6 5. Nc3 Bg7 6. Be3 Nf6 7. f3 O-O 
8. Bc4 Qb6 9. Qd2 Nxe4 10. Nxe4 Bxd4 11. Bxd4 Qxd4 12. Qxd4 Nxd4 13. O-O-O 
Nc6 14. h4 h5 15. g4 Ne5 16. Bb3 hxg4 17. fxg4 d6 18. g5 Bg4 19. Rde1 Rac8 
20. Re3 Kg7 21. Nf2 Bf5 22. c3 Rh8 23. Bc2 Bxc2 24. Kxc2 Rc4 25. Nd3 Rcxh4 
26. Rxh4 Rxh4 27. Nxe5 dxe5 28. Rxe5 e6 29. b4 b6 30. a4 Rf4 31. Kd3 Kf8 
32. a5 Rf5 33. axb6 axb6 34. Kd4 Ke7 35. c4 Kd6 36. c5+ bxc5+ 37. Rxc5 e5+ 
38. Kc4 Rxg5 39. Rd5+ Ke6 40. b5 Rg1 41. Rd2 Rc1+ 42. Kb4 Rb1+ 43. Kc5 e4 
44. b6 f5 45. Kc6 Rc1+ 46. Kb5 e3 47. Rb2 Rc8 48. b7 Rb8 49. Kc4 f4 50. Kd3 
g5 51. Rb5 Kf6 52. Ke2 g4 53. Kd3 g3 54. Ke2 g2 55. Rb1 Rxb7 56. Rg1 Rg7 0-1

[Event "35. Kieler Open 2023"]
[Site "Kiel"]
[Date "2023.08.01"]
[Round "6.16"]
[White "Braeutigam, Alexander"]
[Black "Harutyunyan, Hovhannes"]
[Result "1-0"]
[WhiteElo "1943"]
[BlackElo "1637"]
[PlyCount "137"]
[EventDate "2023.??.??"]

1. d4 e6 2. c4 d5 3. Nc3 Nf6 4. cxd5 exd5 5. Bg5 Be7 6. e3 c6 7. Qc2 h6 
8. Bh4 Qb6 9. Nf3 Na6 10. a3 Bf5 11. Bd3 Bxd3 12. Qxd3 Qxb2 13. O-O Qb6 
14. Rab1 Qc7 15. Rfc1 Rd8 16. Ne5 O-O 17. Bg3 Qc8 18. Rc2 Bxa3 19. Nxd5 
Rxd5 20. Qxa3 Ne4 21. Rbc1 c5 22. Nd3 b6 23. Be5 Rfd8 24. f3 Ng5 25. Ra2 
Nb4 26. Nxb4 cxb4 27. Rxc8 bxa3 28. Rxd8+ Rxd8 29. Rxa3 Rd7 30. Kf2 f6 
31. Bb8 Rb7 32. Bd6 Nf7 33. Bb4 a5 34. Bd2 Nd6 35. Ra4 Kf7 36. Ke2 Ke6 
37. e4 Kd7 38. d5 Rc7 39. Kd3 Nb7 40. Ra3 Nc5+ 41. Kd4 a4 42. Be3 Nb3+ 
43. Kd3 b5 44. f4 g5 45. e5 gxf4 46. e6+ Ke7 47. d6+ Kxd6 48. Bxf4+ Kc6 
49. Bxc7 Kxc7 50. Kc3 Kd6 51. Kb4 Kxe6 52. Kxb5 Kf5 53. Rxa4 Nd2 54. Ra2 
Ne4 55. Kc4 h5 56. Kd4 Ng5 57. Ke3 Nf7 58. Ra8 Ne5 59. Kf2 Kg4 60. Ra5 
Kf4 61. Ra4+ Kg5 62. Kg3 Ng4 63. h4+ Kf5 64. Rf4+ Kg6 65. Rxg4+ hxg4 
66. Kxg4 f5+ 67. Kf4 Kf6 68. h5 Ke6 69. Kg5 1-0

[Event "35. Kieler Open 2023"]
[Site "Kiel"]
[Date "2023.08.01"]
[Round "6.17"]
[White "Forster, Lukas"]
[Black "Kieselbach, Jannik"]
[Result "1/2-1/2"]
[WhiteElo "2053"]
[BlackElo "1757"]
[PlyCount "45"]
[EventDate "2023.??.??"]

1. e4 e5 2. Nf3 Nc6 3. Bb5 Nf6 4. d3 Bc5 5. Bxc6 dxc6 6. Nbd2 Be6 7. O-O 
Nd7 8. Nb3 Bxb3 9. axb3 O-O 10. Be3 Bxe3 11. fxe3 c5 12. Qe1 Qe7 13. Qg3 
Rfe8 14. Nh4 g6 15. Rf2 f6 16. Nf5 Qf8 17. Qg4 Kh8 18. Ng3 Qe7 19. h4 Qe6 
20. Qf3 a6 21. Ne2 h5 22. Kh2 Kg7 23. Rg1 1/2-1/2

[Event "35. Kieler Open 2023"]
[Site "Kiel"]
[Date "2023.08.01"]
[Round "6.18"]
[White "Riechenberg, Maximilian"]
[Black "Schaefer, Martin"]
[Result "1-0"]
[WhiteElo "1742"]
[BlackElo "1929"]
[PlyCount "103"]
[EventDate "2023.??.??"]

1. e4 c5 2. Nf3 e6 3. d4 cxd4 4. Nxd4 Nf6 5. Nc3 Nc6 6. a3 d6 7. Be3 e5 
8. Nf3 Be7 9. Bc4 Be6 10. Qd3 O-O 11. Rd1 a6 12. O-O b5 13. Bd5 Rc8 14. 
Bxc6 Rxc6 15. Bg5 Bc4 16. Qd2 Bxf1 17. Kxf1 Qc8 18. Nh4 g6 19. Qe2 Re8 
20. h3 Kg7 21. Qe3 Ng8 22. Nf3 h6 23. Bxe7 Nxe7 24. Ne1 Rf8 25. Nd3 f5 
26. Nb4 Rc4 27. Rxd6 a5 28. Qa7 Qc7 29. Rd7 Qxa7 30. Rxa7 Rf7 31. Rxa5 fxe4 
32. Rxb5 e3 33. Rxe5 exf2 34. Re2 Rcf4 35. Nd3 Rd4 36. Rxf2 Nf5 37. Ke2 
Re7+ 38. Kd2 Nd6 39. b3 Nb7 40. Re2 Rf7 41. Kc1 Na5 42. Kb2 Rd8 43. Re5 
Ra7 44. Rc5 Rdd7 45. b4 Nb7 46. Rc6 Nd8 47. Rb6 Ra8 48. a4 Rc7 49. a5 Nc6 
50. Nc5 Kf7 51. Nd5 Rcc8 52. Rb7+ 1-0

[Event "35. Kieler Open 2023"]
[Site "Kiel"]
[Date "2023.08.01"]
[Round "6.19"]
[White "Muslumzada, Roya"]
[Black "Hufendiek, Ekkehard"]
[Result "1-0"]
[WhiteElo "1508"]
[BlackElo "1912"]
[PlyCount "89"]
[EventDate "2023.??.??"]

1. e4 e5 2. Nf3 Nc6 3. Bb5 Nf6 4. O-O Nxe4 5. Re1 Nd6 6. Bxc6 dxc6 7. Nxe5 
Be7 8. d3 O-O 9. Nc3 Bf6 10. Bf4 Re8 11. h3 Be6 12. Ne4 Nxe4 13. Rxe4 Bd5 
14. Re1 g6 15. Ng4 Rxe1+ 16. Qxe1 Bg7 17. Be5 f6 18. Bc3 h5 19. Ne3 Be6 
20. Qe2 Qd7 21. Qf3 Re8 22. Qg3 Bf7 23. Qh4 Re6 24. Re1 Qe8 25. Qf4 Qe7 
26. Kf1 b6 27. a3 c5 28. Rb1 c6 29. b4 cxb4 30. axb4 Kh7 31. Bd2 Bh6 32. Qf3 
Qc7 33. g3 Qc8 34. g4 Re5 35. Qxf6 Qe8 36. Re1 Bg5 37. Qf3 hxg4 38. Nxg4 
Rxe1+ 39. Bxe1 Qe6 40. Bc3 Kg8 41. Qg3 Be8 42. h4 Be7 43. Qf4 g5 
44. Qd4 Bd7 45. Qg7# 1-0

[Event "35. Kieler Open 2023"]
[Site "Kiel"]
[Date "2023.08.01"]
[Round "6.20"]
[White "Hubert, Charlotte"]
[Black "Noreisch, Reiner"]
[Result "1-0"]
[WhiteElo "1897"]
[BlackElo "1706"]
[PlyCount "103"]
[EventDate "2023.??.??"]

1. e4 d6 2. d4 Nf6 3. Nc3 e5 4. Nf3 Nbd7 5. Bc4 h6 6. h3 c6 7. a4 Qc7 
8. O-O Be7 9. Be3 g5 10. Nh2 Nf8 11. a5 Ng6 12. d5 Nf4 13. a6 b5 14. Bb3
 b4 15. Ba4 Bd7 16. dxc6 Bxc6 17. Bxf4 Bxa4 18. Bxg5 hxg5 19. Nxa4 Nxe4 
 20. Qd5 Rb8 21. Qxe4 Qa5 22. Qc6+ Kf8 23. Nc3 Qd8 24. Nd5 Kg7 25. Rfd1 
 Bf8 26. Qc7 Qxc7 27. Nxc7 Be7 28. Nd5 Bf8 29. Ra4 b3 30. cxb3 Rxb3 
 31. Rb4 Rxb4 32. Nxb4 Rh4 33. Nc6 Ra4 34. Nxa7 Rxa6 35. Nb5 Rb6 36. Rd5 
 Kf6 37. Ng4+ Ke6 38. Ne3 f5 39. Nc3 Rxb2 40. Rb5 Rxb5 41. Nxb5 f4 
 42. Nc7+ Kd7 43. Ned5 Kc6 44. f3 Kc5 45. Kf2 Kd4 46. Ne6+ Kxd5 47. Nxf8 
 e4 48. Nh7 e3+ 49. Ke2 Kc4 50. Nxg5 d5 51. Ne6 d4 52. Nxf4 1-0

[Event "35. Kieler Open 2023"]
[Site "Kiel"]
[Date "2023.08.02"]
[Round "7.1"]
[White "Popvasilev, Kaloyan"]
[Black "Browning, Alex"]
[Result "1/2-1/2"]
[WhiteElo "2203"]
[BlackElo "2341"]
[PlyCount "83"]
[EventDate "2023.??.??"]

1. e4 c5 2. Nc3 a6 3. d4 cxd4 4. Qxd4 Nc6 5. Qe3 Nf6 6. Bd2 e6 7. O-O-O Be7 8.
Qg3 O-O 9. e5 Ne8 10. f4 d5 11. Kb1 b5 12. Nf3 b4 13. Ne2 f6 14. Ned4 Nxd4 15.
Nxd4 Qb6 16. Be3 Bc5 17. h4 a5 18. h5 a4 19. Bd3 f5 20. Qf2 b3 21. cxb3 axb3
22. a3 Ra4 23. Nxf5 Bxe3 24. Nxe3 Raxf4 25. Qg3 Ba6 26. Bxh7+ Kxh7 27. Qg6+ Kg8
28. Nxd5 Qc5 29. Nxf4 Qc2+ 30. Qxc2 bxc2+ 31. Kxc2 Rxf4 32. Rd8 Bb5 33. Rb8 Bc6
34. h6 Kh7 35. hxg7+ Kxg7 36. b4 Nc7 37. Rc8 Ba4+ 38. Kd3 Nd5 39. Rch8 Bb5+ 40.
Kc2 Ba4+ 41. Kb1 Rf2 42. R1h7+ 1/2-1/2

[Event "35. Kieler Open 2023"]
[Site "Kiel"]
[Date "2023.08.02"]
[Round "7.2"]
[White "Boehme, Arne"]
[Black "Bach, Matthias"]
[Result "1/2-1/2"]
[WhiteElo "2153"]
[BlackElo "2215"]
[PlyCount "23"]
[EventDate "2023.??.??"]

1. e4 e5 2. Nf3 Nc6 3. Bb5 f5 4. d3 fxe4 5. dxe4 Nf6 6. O-O d6 7. Nc3 Be7 8.
Bc4 Na5 9. Be2 Nc6 10. Bc4 Na5 11. Be2 Nc6 12. Bc4 1/2-1/2

[Event "35. Kieler Open 2023"]
[Site "Kiel"]
[Date "2023.08.02"]
[Round "7.3"]
[White "Vollbehr, Bjarne"]
[Black "Saglam, Buelent"]
[Result "0-1"]
[WhiteElo "1827"]
[BlackElo "2109"]
[PlyCount "86"]
[EventDate "2023.??.??"]

1. d4 c5 2. d5 e5 3. c4 f5 4. e4 d6 5. Nc3 Nf6 6. f4 exf4 7. exf5 Bxf5 8. Bxf4
Qe7+ 9. Qe2 Ne4 10. Nxe4 Qxe4 11. Qxe4+ Bxe4 12. O-O-O Kd7 13. Re1 Bf5 14. Nf3
h6 15. h4 Na6 16. h5 Be7 17. Be2 Nb4 18. a3 Nd3+ 19. Bxd3 Bxd3 20. b3 b5 21.
cxb5 Rhf8 22. g3 Rf5 23. Re3 Bxb5 24. Rhe1 Bf6 25. Nd2 Rxh5 26. Ne4 Bd4 27.
Nxc5+ Bxc5 28. Re7+ Kd8 29. Rxg7 Rc8 30. Kd1 Rxd5+ 31. Bd2 Bxa3 32. Rg8+ Kc7
33. Re7+ Kb8 34. Rxc8+ Kxc8 35. Ke1 Re5+ 36. Rxe5 dxe5 37. Bxh6 Kd7 38. Kd2
Bb4+ 39. Ke3 Ke6 40. Bg7 Bc5+ 41. Ke4 Bc6+ 42. Kd3 Bf3 43. Bh6 Bd1 0-1

[Event "35. Kieler Open 2023"]
[Site "Kiel"]
[Date "2023.08.02"]
[Round "7.4"]
[White "Helms, Finn"]
[Black "Schinkowski, Christoph"]
[Result "0-1"]
[WhiteElo "1966"]
[BlackElo "2145"]
[PlyCount "96"]
[EventDate "2023.??.??"]

1. e4 e6 2. d4 d5 3. Nd2 c5 4. exd5 exd5 5. Bb5+ Bd7 6. Bxd7+ Nxd7 7. dxc5 Bxc5
8. Nb3 Bb6 9. Qe2+ Ne7 10. Nf3 O-O 11. O-O Nc6 12. Bg5 Nf6 13. c3 Qd6 14. Rad1
Rfe8 15. Qb5 Ne5 16. Nxe5 Qxe5 17. Bxf6 Qxf6 18. Rxd5 g6 19. Nd4 Re4 20. Qd7
Rae8 21. Qxb7 Re1 22. g3 R8e2 23. Qb8+ Kg7 24. Qf4 Qxf4 25. gxf4 Rxf1+ 26. Kxf1
Rxb2 27. a4 Ra2 28. f5 Rxa4 29. fxg6 hxg6 30. Ke2 Ra2+ 31. Ke3 Rc2 32. Kd3 Rxf2
33. h4 a5 34. h5 a4 35. hxg6 fxg6 36. Rb5 Bxd4 37. cxd4 a3 38. Ra5 a2 39. Ke3
Rb2 40. Ke4 Kf6 41. Ra6+ Kg5 42. d5 Rd2 43. d6 Kg4 44. d7 g5 45. Rxa2 Rxd7 46.
Rg2+ Kh4 47. Ke3 Rf7 48. Ke2 g4 0-1

[Event "35. Kieler Open 2023"]
[Site "Kiel"]
[Date "2023.08.02"]
[Round "7.6"]
[White "Lutze, Max"]
[Black "Wunder, Niklas"]
[Result "1/2-1/2"]
[WhiteElo "1936"]
[BlackElo "2070"]
[PlyCount "81"]
[EventDate "2023.??.??"]

1. Nf3 d5 2. g3 g6 3. Bg2 Bg7 4. O-O e5 5. d3 Nc6 6. c4 d4 7. e3 dxe3 8. fxe3
Nge7 9. Nc3 O-O 10. Qe2 Bf5 11. Rd1 Qd7 12. Kh1 Rad8 13. e4 Bg4 14. Be3 f5 15.
Nd5 Nxd5 16. cxd5 Nd4 17. Bxd4 exd4 18. Rf1 Rde8 19. Qc2 fxe4 20. dxe4 c6 21.
Ng1 cxd5 22. exd5 Bf5 23. Qd2 Re3 24. Ne2 Rfe8 25. Nf4 d3 26. Rae1 Rxe1 27.
Rxe1 Rxe1+ 28. Qxe1 Bxb2 29. g4 Qc7 30. Qe8+ Kg7 31. Qe3 Bxg4 32. Nxd3 Bf6 33.
Qxa7 Qc3 34. Qxb7+ Kh6 35. Qb1 Bg5 36. Nf2 Bf3 37. Kg1 Bh4 38. Qf1 Qe3 39. Bxf3
Qxf3 40. Qg2 Bxf2+ 41. Qxf2 1/2-1/2

[Event "35. Kieler Open 2023"]
[Site "Kiel"]
[Date "2023.08.02"]
[Round "7.7"]
[White "Basey, Matthew"]
[Black "Braeutigam, Katerina"]
[Result "1-0"]
[WhiteElo "2002"]
[BlackElo "1884"]
[PlyCount "61"]
[EventDate "2023.??.??"]

1. b3 f5 2. Bb2 Nf6 3. e3 g6 4. Bxf6 exf6 5. c4 c6 6. Nc3 d5 7. cxd5 cxd5 8.
Nge2 Be6 9. g3 Nc6 10. d4 Ba3 11. Bg2 Qa5 12. Qd2 Ne7 13. O-O Rc8 14. Rad1 Kf7
15. Qd3 a6 16. Nb1 Rc7 17. Nxa3 Qxa3 18. Rc1 Rxc1 19. Rxc1 Qxa2 20. Nf4 Qa5 21.
Rc5 Qd8 22. Qc3 g5 23. Nxe6 Kxe6 24. Rc7 b6 25. g4 Kd6 26. Rb7 Nc6 27. gxf5 Na5
28. Qb4+ Kc6 29. Re7 Rf8 30. e4 Qd6 31. exd5+ 1-0